Relaciones y conflictos entre los órganos del poder estatal

Gespeichert in:
Bibliographische Detailangaben
1. Verfasser: Bulnes Ripamonti, Cristián (VerfasserIn)
Format: Buch
Sprache:Spanisch
Veröffentlicht: Santiago Jurídica de Chile 1967
Schlagworte:
Tags: Tag hinzufügen
Keine Tags, Fügen Sie den ersten Tag hinzu!

MARC

LEADER 00000nam a2200000 a 4500
001 UCT9755
003 CL-VaPUC
008 970411e19670000CL |||||||||||||||||spa|d
082 0 4 |a 342.044  |b BUL  |2 21 
100 0 |a Bulnes Ripamonti, Cristián  |e author  |9 382732 
245 1 0 |a Relaciones y conflictos entre los órganos del poder estatal 
300 |a 184 p 
942 |c BK 
945 |d 19970411 00:00:00  |a paguirre 
260 |a Santiago  |b Jurídica de Chile  |c 1967 
500 |a La redacción de esta obra se cerró al 30 de Septiembre de 1965 
650 0 |a Poderes del estado  |9 377457 
650 0 |a Separación de poderes  |9 376385 
650 0 |a Poder ejecutivo  |9 255177 
650 0 |a Poder legislativo  |9 258808 
650 0 |a Poder judicial  |9 254871 
650 0 |a Tribunales  |9 254872 
650 0 |a Parlamento  |9 338611 
650 7 |a PRESIDENCIA  |2 CL-VaPUC  |9 341215 
583 |a last modification  |c 19970411 00:00:00  |k Rodrigo Vera 
999 |c 258134  |d 258132 
952 |0 0  |1 0  |4 0  |6 342_044000000000000_BUL_1967  |7 0  |8 A  |9 281965  |a BIBDER  |b BIBDER  |d 2019-11-19  |i 1829661  |o 342.044 BUL 1967  |p 1829661  |r 2023-01-25  |w 2019-11-19  |y BK  |k DER 
952 |0 0  |1 0  |4 0  |6 342_044000000000000_BUL_1967  |7 0  |8 A  |9 281966  |a BIBDER  |b BIBDER  |d 2019-11-19  |i 182967K  |o 342.044 BUL 1967  |p 182967K  |r 2019-11-19  |w 2019-11-19  |y BK  |k DER 
952 |0 0  |1 0  |4 0  |6 342_044000000000000_BUL_1967  |7 0  |8 A  |9 281967  |a BIBDER  |b BIBDER  |d 2019-11-19  |i 1829688  |o 342.044 BUL 1967  |p 1829688  |r 2023-01-25  |w 2019-11-19  |y BK  |k DER 
952 |0 0  |1 0  |4 0  |6 342_044000000000000_BUL_1967  |7 0  |8 A  |9 281968  |a BIBDER  |b BIBDER  |d 2019-11-19  |i 1954261  |o 342.044 BUL 1967  |p 1954261  |r 2019-11-19  |w 2019-11-19  |y BK  |k DER